Business skills for general practice surveyors (Record no. 104786)
[ view plain ]
| 000 -LEADER | |
|---|---|
| fixed length control field | 01331cam a2200217 4500 |
| 001 - CONTROL NUMBER | |
| control field | ##L131576 |
| 008 - FIXED-LENGTH DATA ELEMENTS--GENERAL INFORMATION | |
| fixed length control field | 051116n2005 000 0 eng u |
| 020 ## - INTERNATIONAL STANDARD BOOK NUMBER | |
| International Standard Book Number | 0728204320 |
| 035 ## - SYSTEM CONTROL NUMBER | |
| System control number | (Sirsi) u131576 |
| 041 0# - LANGUAGE CODE | |
| Language code of text/sound track or separate title | eng |
| 050 ## - LIBRARY OF CONGRESS CALL NUMBER | |
| Classification number | 658.022 |
| -- | 18 |
| 100 10 - MAIN ENTRY--PERSONAL NAME | |
| Personal name | Imber, Austen |
| 245 00 - TITLE STATEMENT | |
| Title | Business skills for general practice surveyors |
| 260 ## - PUBLICATION, DISTRIBUTION, ETC. | |
| Place of publication, distribution, etc. | London |
| Name of publisher, distributor, etc. | EG Books |
| Date of publication, distribution, etc. | 2005 |
| 350 ## - PRICE (NR) (BK AM CF MU VM SE) [OBSOLETE] | |
| Price | 25 |
| 520 ## - SUMMARY, ETC. | |
| Summary, etc. | Provides a grounding in business issues relevant to surveyors' case work: the ability to accurately evaluate clients' or an employers' business objectives, read markets and understand economic and financial fundamentals. Covers: how the property market works, including issues and opportunities for property consultancies, public and corporate sectors and the RICS; how property investors and developers make their money; examples of business issues within property dealing; what RICS means by business skills and management consultancy work; understanding the economy, the financial markets and how accounting information can be a management tool and driver in a business; presentation and negotiation skills relating to surveyors' work in practice; ways to accelerate personal development and financial rewards. |
| 590 ## - LOCAL NOTE (RLIN) | |
| Local note | IKA030106 |
| 690 ## - LOCAL SUBJECT ADDED ENTRY--TOPICAL TERM (OCLC, RLIN) | |
| Topical term or geographic name as entry element | MANAGEMENT-BUSINESS MANAGEMENT |
| 942 ## - ADDED ENTRY ELEMENTS (KOHA) | |
| Suppress in OPAC | 0 |
| Withdrawn status | Lost status | Source of classification or shelving scheme | Damaged status | Not for loan | Home library | Current library | Shelving location | Date acquired | Cost, normal purchase price | Total Checkouts | Full call number | Barcode | Date last seen | Date last checked out | Copy number | Cost, replacement price | Price effective from | Koha item type |
|---|---|---|---|---|---|---|---|---|---|---|---|---|---|---|---|---|---|---|
| Dewey Decimal Classification | London | London | Books | 08/12/2005 | 21.25 | 18 | 658.022 IMB | 30071447 | 06/08/2019 | 14/07/2009 | 1 | 21.25 | 06/08/2019 | Book |